Abstract (Record no. 81256)

MARC details
000 -LEADER
campo de control de longitud fija 00746nam a2200205 i 4500
001 - NÚMERO DE CONTROL
campo de control 81256
003 - IDENTIFICADOR DE NÚMERO DE CONTROL
campo de control ES-MaACL
005 - FECHA Y HORA DE LA ÚLTIMA TRANSACCIÓN
campo de control 20250708063322.0
007 - CAMPO FIJO DE DESCRIPCIÓN FÍSICA--INFORMACIÓN GENERAL
campo de control de longitud fija t|
008 - DATOS DE LONGITUD FIJA--INFORMACIÓN GENERAL
campo de control de longitud fija 041103s1983 sp ||||1| spa d
100 1# - ENTRADA PRINCIPAL--NOMBRE DE PERSONA
Nombre de persona Hume, David,
Fechas asociadas al nombre 1711-1776
9 (RLIN) 64719
245 10 - MENCIÓN DEL TÍTULO
Título Abstract
Resto del título : resúmen de un libro recientemente publicado que lleva por título Tratado de la naturaleza humana /
Mención de responsabilidad, etc. Hume ; introducción, traducción, notas y ejercicios, Alicia Olabuenaga.
260 ## - PUBLICACIÓN, DISTRIBUCIÓN, ETC.
Lugar de publicación, distribución, etc. [Barcelona] :
Nombre del editor, distribuidor, etc. Humanitas,
Fecha de publicación, distribución, etc. [1983]
300 ## - DESCRIPCIÓN FÍSICA
Extensión 134 p. :
Otras características físicas il. ;
Dimensiones 21 cm.
490 1# - MENCIÓN DE SERIE
Mención de serie Material didáctico
700 1# - ENTRADA AGREGADA--NOMBRE PERSONAL
Nombre de persona Olabuenaga, Alicia.
9 (RLIN) 86636
830 0# - PUNTO DE ACCESO ADICIONAL DE SERIE-TÍTULO UNIFORME
Título uniforme Material didáctico
9 (RLIN) 183700
852 ## - LOCALIZACIÓN
Ubicación ES-MaACL
Número de control de estantería L-5715
Sublocalización o colección R.106239
Holdings
Estatus retirado Estado de pérdida Estado de daño No para préstamo Biblioteca de origen Biblioteca actual Ubicación en estantería Fecha de adquisición Fuente de adquisición Total de préstamos Signatura topográfica completa Código de barras Visto por última vez Precio de reemplazo Tipo de ítem Koha
        Biblioteca del Ateneo de Madrid Biblioteca del Ateneo de Madrid Depósito 2 17/01/2008     L-5715 1084944 23/02/2023 23/02/2023 Libro impreso